000 00202nam a22000857a 4500
008 170130b xxu||||| |||| 00| 0 eng d
100 _92636
_aBakshi.S
245 _aMathematics
260 _aNew Delhi
_bAPC
_c2011
999 _c5780
_d5780